000 00269nam a22000977a 4500
082 _a338.954IND.
245 _aIndia, planning commission third five year plan.
260 _aIndia.
_bGovernment of India, Planning Commission.
_c1962.
300 _a220p.
_b23cm.
942 _cBK
999 _c13930
_d13930